[Event "Stamer Memorial"]
[Site "San Francisco"]
[Date "2005.06.04"]
[Round "3"]
[White "Vayntrub, Dmitry"]
[Black "Mar, Craig"]
[Result "0-1"]
[WhiteElo "2061"]
[BlackElo "2428"]
[PlyCount "44"]
[EventDate "2005.06.04"]
[EventType "swiss"]
[EventRounds "6"]
[EventCountry "USA"]

1. c4 e5 2. Nc3 Nf6 3. g3 Bb4 4. Bg2 Bxc3 5. bxc3 d6 6. d3 h6 7. Nf3 O-O 8. O-O
Nc6 9. Rb1 Nd7 10. Nh4 f5 11. Bh3 Ne7 12. f4 exf4 13. gxf4 Nd5 14. cxd5 Qxh4
15. Bg2 Nf6 16. Qe1 Qxe1 17. Rxe1 b6 18. Bf3 Ba6 19. Kf2 Rfe8 20. Rg1 Re7 21.
c4 Rae8 22. Bb2 Ng4+ {remainder incorrect; B won in 45 moves} 0-1

[Event "Stamer Memorial"]
[Site "San Francisco"]
[Date "2005.06.04"]
[Round "3"]
[White "Xu, Davis"]
[Black "Shipman, Walter"]
[Result "0-1"]
[WhiteElo "1733"]
[BlackElo "2204"]
[PlyCount "91"]
[EventDate "2005.06.04"]
[EventType "swiss"]
[EventRounds "6"]
[EventCountry "USA"]

1. d4 d5 2. Nf3 Nf6 3. Bg5 Nbd7 4. e3 g6 5. Bd3 Bg7 6. Nbd2 O-O 7. c3 Re8 8.
O-O e5 9. dxe5 Nxe5 10. Nxe5 Rxe5 11. Nf3 Re8 12. Qc2 c6 13. Rad1 Bg4 14. Be2
Qc7 15. Bxf6 Bxf6 16. h3 Bxf3 17. Bxf3 Re7 18. Rd2 Rae8 19. Rfd1 b5 20. b3 Rb8
21. c4 bxc4 22. bxc4 Rb2 23. Qd3 Rxd2 24. Rxd2 d4 25. Re2 c5 26. Bd5 Kg7 27.
exd4 Rxe2 28. Qxe2 Bxd4 29. Qc2 Qf4 30. g3 Qxg3+ 31. Bg2 Qf4 32. Kf1 h5 33. Bd5
g5 34. Qe2 g4 35. hxg4 hxg4 36. Kg2 Be5 37. Qe4 Qh2+ 38. Kf1 Qh3+ 39. Ke2 Qh5
40. Kf1 Bd4 41. Qg2 Qf5 42. Qg3 Be5 43. Qb3 Bd4 44. Qg3 Qg5 45. Bg2 Be5 46. Qd3
0-1

[Event "Stamer Memorial"]
[Site "San Francisco"]
[Date "2005.06.04"]
[Round "3"]
[White "Young, Greg"]
[Black "Falconer, Neil"]
[Result "1-0"]
[WhiteElo "1600"]
[BlackElo "1984"]
[PlyCount "84"]
[EventDate "2005.06.04"]
[EventType "swiss"]
[EventRounds "6"]
[EventCountry "USA"]

1. e4 e5 2. Nf3 Nc6 3. Bc4 Bc5 4. d3 d6 5. h3 Nf6 6. Nc3 Nd4 7. Be3 Be6 8. Bb3
Nxb3 9. axb3 Bxe3 10. fxe3 O-O 11. O-O c6 12. Qd2 Qc7 13. d4 exd4 14. exd4 d5
15. e5 Nd7 16. b4 f6 17. Rfe1 fxe5 18. Nxe5 Rf5 19. Nxd7 Qxd7 20. Na4 Bf7 21.
Nb6 Qd8 22. Nxa8 Qxa8 23. Qe3 Rf6 24. Qe7 Bg6 25. c3 Be4 26. Qc5 Rg6 27. Re2 a6
28. Rf1 h6 29. Ref2 Kh7 30. Qe7 Qc8 31. Kh2 Re6 32. Qf8 Qc7+ 33. g3 Rg6 34. Rg1
h5 35. Rf7 Rf6 36. Rxf6 gxf6 37. Qxf6 Qb6 38. Rf1 Qb5 39. Qf7+ Kh8 40. Qxh5+
Kg8 41. Qe8+ Kh7 42. Rf7+ Kh6 1-0

[Event "Stamer Memorial"]
[Site "San Francisco"]
[Date "2005.06.05"]
[Round "4"]
[White "Chang, Corey"]
[Black "Vayntrub, Dmitry"]
[Result "0-1"]
[WhiteElo "1681"]
[BlackElo "2061"]
[PlyCount "55"]
[EventDate "2005.06.04"]
[EventType "swiss"]
[EventRounds "6"]
[EventCountry "USA"]

1. f4 c5 2. Nf3 Nc6 3. g3 d5 4. Bg2 Nf6 5. d3 g6 6. O-O Bg7 7. Qe1 Bf5 8. h3 h5
9. Na3 Qd7 10. Kh2 O-O-O 11. Be3 d4 12. Bf2 Be6 13. c3 Nd5 14. Nc2 dxc3 15.
Bxc5 cxb2 16. Rb1 Nc3 17. d4 Nxb1 18. Qxb1 Bd5 19. Qxb2 h4 20. g4 f5 21. g5 e6
22. a4 Bf8 23. Nb4 Nxb4 24. Qxb4 Bxc5 25. dxc5 Qc7 26. Ne5 Kb8 27. Nxg6 Rhg8
28. Nxh4 {remainder illegible} 0-1

[Event "Stamer Memorial"]
[Site "San Francisco"]
[Date "2005.06.05"]
[Round "4"]
[White "Chillakanti, Mukund"]
[Black "Oza, Nikunj"]
[Result "0-1"]
[WhiteElo "1372"]
[BlackElo "1846"]
[PlyCount "80"]
[EventDate "2005.06.04"]
[EventType "swiss"]
[EventRounds "6"]
[EventCountry "USA"]

1. e4 e5 2. Nf3 Nf6 3. Bc4 Nxe4 4. O-O d5 5. Bb3 Nc6 6. d3 Nc5 7. Nc3 Nxb3 8.
axb3 Bg4 9. h3 Bh5 10. g4 Bg6 11. Re1 f6 12. Bf4 Qd7 13. Bg3 h5 14. Nh2 hxg4
15. Qxg4 Bf5 16. Qf3 Nd4 17. Qxd5 Nxc2 18. Qxb7 Rd8 19. Nb5 Nxa1 20. Rxa1 Rxh3
21. Rxa7 Rxg3+ 22. fxg3 Bc5+ 23. Kh1 Bxa7 24. Nxa7 Qd5+ 25. Qxd5 Rxd5 26. Kg2
Bd7 27. Nf3 Ra5 28. Nc8 Bxc8 29. d4 Bb7 30. Kf2 Bxf3 31. Kxf3 exd4 32. Ke4 Rb5
33. Kxd4 Rxb3 34. g4 Kd7 35. g5 Kd6 36. gxf6 gxf6 37. Ke4 Rb4+ 38. Ke3 Kd5 39.
Kf3 Ke5 40. Ke3 Rb3+ 0-1

[Event "Stamer Memorial"]
[Site "San Francisco"]
[Date "2005.06.05"]
[Round "4"]
[White "D'Aloisio, Tony"]
[Black "Xu, Davis"]
[Result "1-0"]
[WhiteElo "2219"]
[BlackElo "1733"]
[PlyCount "61"]
[EventDate "2005.06.04"]
[EventType "swiss"]
[EventRounds "6"]
[EventCountry "USA"]

1. c4 f5 2. Nc3 Nf6 3. d4 e6 4. g3 c6 5. Bg2 d5 6. Nf3 Bd6 7. c5 Bc7 8. Bf4
Bxf4 9. gxf4 Nbd7 10. Ne5 Ne4 11. e3 Nxe5 12. fxe5 Qh4 13. O-O O-O 14. f4 Bd7
15. Qe1 Qxe1 16. Raxe1 Be8 17. Nxe4 fxe4 18. Bh3 Bd7 19. Rf2 Rab8 20. b4 a5 21.
bxa5 Ra8 22. Rb1 Bc8 23. Rfb2 Rxa5 24. Rxb7 Bxb7 25. Bxe6+ Kh8 26. Rxb7 Rxa2
27. Bd7 Rfa8 28. e6 Ra1+ 29. Kg2 R8a2+ 30. Kh3 g5 31. e7 1-0

[Event "Stamer Memorial"]
[Site "San Francisco"]
[Date "2005.06.05"]
[Round "4"]
[White "Liang, Bernard"]
[Black "Woebcke, Carl"]
[Result "0-1"]
[WhiteElo "1795"]
[BlackElo "1637"]
[PlyCount "44"]
[EventDate "2005.06.04"]
[EventType "swiss"]
[EventRounds "6"]
[EventCountry "USA"]

1. e4 c5 2. Nc3 Nc6 3. g3 g6 4. Bg2 Bg7 5. Nge2 e6 6. O-O Nge7 7. d3 O-O 8. f4
d5 9. h3 Nd4 10. g4 f5 11. Ng3 Rb8 12. Nce2 b5 13. c3 Nxe2+ 14. Qxe2 fxe4 15.
dxe4 d4 16. Rd1 Qb6 17. c4 bxc4 18. Qxc4 Ba6 19. Qa4 Bb5 20. Qa3 Rf7 21. Rb1 c4
22. Rd2 c3 0-1

[Event "Stamer Memorial"]
[Site "San Francisco"]
[Date "2005.06.05"]
[Round "4"]
[White "Lupton, Stephen"]
[Black "Chillakanti, Kartik"]
[Result "0-1"]
[WhiteElo "1396"]
[BlackElo "1339"]
[PlyCount "72"]
[EventDate "2005.06.04"]
[EventType "swiss"]
[EventRounds "6"]
[EventCountry "USA"]

1. e4 e6 2. d3 d5 3. Nd2 c5 4. g3 b6 5. Bg2 Bb7 6. Ne2 Nf6 7. O-O Be7 8. h3 Na6
9. c3 Qc7 10. f4 h6 11. e5 Nd7 12. d4 f6 13. Nf3 fxe5 14. fxe5 g5 15. Qd3 O-O-O
16. Qg6 Qc6 17. h4 gxh4 18. Nxh4 Bxh4 19. gxh4 Rdg8 20. Qh5 Rg7 21. Rf7 Rxf7
22. Qxf7 Rf8 23. Qg7 Qb5 24. Nf4 Nc7 25. Bh3 Ba6 26. b3 cxd4 27. Bd2 dxc3 28.
Bxc3 Rxf4 29. Bd2 Qc5+ 30. Kh2 Rf2+ 31. Kg3 Rxd2 32. Qxh6 Qc3+ 33. Kf4 Rd4+ 34.
Kg5 Qg3+ 35. Kh5 Be2+ 36. Bg4 Qxg4# 0-1

[Event "Stamer Memorial"]
[Site "San Francisco"]
[Date "2005.06.04"]
[Round "4"]
[White "Mar, Craig"]
[Black "Mezentsev, Vladimir"]
[Result "0-1"]
[WhiteElo "2428"]
[BlackElo "2516"]
[PlyCount "62"]
[EventDate "2005.06.04"]
[EventType "swiss"]
[EventRounds "6"]
[EventCountry "USA"]

1. e4 c5 2. Nf3 Nc6 3. d4 cxd4 4. Nxd4 g6 5. c4 Bg7 6. Be3 d6 7. Nc3 Nh6 8. Be2
O-O 9. O-O f5 10. exf5 Bxd4 11. Bxh6 Rxf5 12. Qd2 Qb6 13. Bd3 Rf7 14. Rab1 Ne5
15. Nd5 Bxf2+ 16. Rxf2 Qxf2+ 17. Qxf2 Rxf2 18. Kxf2 Nxd3+ 19. Kg1 Bf5 20. Nxe7+
Kf7 21. Nxf5 gxf5 22. b3 Nc5 23. Bf4 Ne4 24. Rd1 Ke6 25. Rd3 h5 26. a4 Rg8 27.
h4 Rg4 28. g3 Nxg3 29. Bxg3 f4 30. Kf2 fxg3+ 31. Rxg3 Rxg3 0-1

[Event "Stamer Memorial"]
[Site "San Francisco"]
[Date "2005.06.05"]
[Round "4"]
[White "Russell, Joe"]
[Black "Chan, John"]
[Result "0-1"]
[WhiteElo "1227"]
[BlackElo "1626"]
[PlyCount "98"]
[EventDate "2005.06.04"]
[EventType "swiss"]
[EventRounds "6"]
[EventCountry "USA"]

1. d4 Nf6 2. c4 d6 3. Nc3 c6 4. Bg5 Nbd7 5. Nf3 h6 6. Bf4 g5 7. Bc1 Bg7 8. e3
b6 9. Bd3 Bb7 10. O-O Qc7 11. b4 O-O 12. b5 c5 13. Re1 Rad8 14. Bb2 e5 15. dxc5
Nxc5 16. e4 Ne6 17. Nd5 Bxd5 18. cxd5 Nc5 19. Rc1 Qb7 20. Qe2 Nh5 21. g3 Kh8
22. h4 g4 23. Nh2 Qd7 24. Qd1 Nf6 25. Rc4 Rg8 26. Rc2 Bf8 27. Bc1 Kh7 28. Kg2
Rg6 29. Rce2 Be7 30. Rf1 Rdg8 31. Re3 Nh5 32. Qc2 R8g7 33. Bd2 Qd8 34. Be1 Bxh4
35. gxh4 Nf4+ 36. Kg3 h5 37. Bc4 Rf6 38. Qd1 Ng6 39. Qe2 Rf4 40. Bd2 Qxh4+ 41.
Kg2 Qf6 42. Be1 Nh4+ 43. Kh1 Nf3 44. Rg1 Qh4 45. Rg2 Kg8 46. Bb4 Qf6 47. Nxf3
gxf3 48. Rxg7+ Kxg7 49. Kg1 fxe2 0-1

[Event "Stamer Memorial"]
[Site "San Francisco"]
[Date "2005.06.05"]
[Round "4"]
[White "Starr, Albert"]
[Black "Rudyak, Felix"]
[Result "1-0"]
[WhiteElo "1294"]
[BlackElo "1909"]
[PlyCount "95"]
[EventDate "2005.06.04"]
[EventType "swiss"]
[EventRounds "6"]
[EventCountry "USA"]

1. b4 d5 2. e3 Nf6 3. Bb2 Bg4 4. Be2 Bxe2 5. Qxe2 c6 6. a4 e6 7. b5 Bd6 8. Nf3
O-O 9. O-O Nbd7 10. d3 Rc8 11. c4 Ng4 12. g3 Be7 13. Nbd2 Bf6 14. Nb3 Bxb2 15.
Qxb2 Qf6 16. Qxf6 gxf6 17. Na5 Rc7 18. bxc6 bxc6 19. Nd4 Nge5 20. Rfd1 a6 21.
f4 Ng4 22. Re1 c5 23. Nf3 Rb8 24. h3 Nh6 25. Rab1 Nf5 26. Kf2 Nd6 27. Rxb8+
Nxb8 28. Rb1 Nc6 29. Rb6 Nxa5 30. Rxd6 Rc6 31. Rd8+ Kg7 32. cxd5 exd5 33. Rxd5
Nb3 34. Ke2 Rc8 35. Nd2 Nc1+ 36. Kd1 Na2 37. Ne4 c4 38. Rc5 Rd8 39. d4 Re8 40.
Nd6 Rxe3 41. Nf5+ Kg6 42. Nxe3 Nc3+ 43. Kc2 Ne4 44. Rxc4 Nxg3 45. d5 Kg7 46. d6
Kf8 47. Rc8+ Kg7 48. d7 1-0

[Event "Stamer Memorial"]
[Site "San Francisco"]
[Date "2005.06.05"]
[Round "4"]
[White "Wang, Drake"]
[Black "Sowell, Nelson"]
[Result "1-0"]
[WhiteElo "2169"]
[BlackElo "1733"]
[PlyCount "91"]
[EventDate "2005.06.04"]
[EventType "swiss"]
[EventRounds "6"]
[EventCountry "USA"]

1. e4 Nf6 2. e5 Nd5 3. d4 d6 4. c4 Nb6 5. exd6 exd6 6. Nc3 Be7 7. Bd3 O-O 8.
Nge2 Nc6 9. Be3 Bg4 10. Qd2 Qd7 11. Ng3 d5 12. h3 Be6 13. c5 Nc4 14. Bxc4 dxc4
15. d5 Rad8 16. dxe6 Qxe6 17. Qe2 Nb4 18. O-O Nd3 19. Rfd1 Bf6 20. Nge4 Be5 21.
Ng5 Qg6 22. Nf3 Bf6 23. Ne1 Rfe8 24. Nxd3 cxd3 25. Qg4 Qxg4 26. hxg4 c6 27. Rd2
Rd7 28. Rad1 Red8 29. Ne4 Be7 30. Kf1 g6 31. Nd6 Bxd6 32. Rxd3 f6 33. Rxd6 Rxd6
34. Rxd6 Rxd6 35. cxd6 Kf7 36. Bxa7 Ke6 37. Bc5 b6 38. Bxb6 Kxd6 39. a4 c5 40.
a5 Kc6 41. Ke2 Kb5 42. Kd3 f5 43. g5 Kb4 44. a6 c4+ 45. Kc2 Kb5 46. a7 1-0

[Event "Stamer Memorial"]
[Site "San Francisco"]
[Date "2005.06.05"]
[Round "4"]
[White "Yamamoto, Craig"]
[Black "Roper, Lee"]
[Result "0-1"]
[WhiteElo "1647"]
[BlackElo "1001"]
[PlyCount "46"]
[EventDate "2005.06.04"]
[EventType "swiss"]
[EventRounds "6"]
[EventCountry "USA"]

1. e4 c5 2. Nf3 e6 3. d4 cxd4 4. Nxd4 Nc6 5. c3 a6 6. Be3 Qc7 7. g3 Nf6 8. Bg2
d6 9. Nd2 Be7 10. O-O O-O 11. f4 Bd7 12. Qe2 Nxd4 13. Bxd4 Bb5 14. c4 Bd7 15.
b3 Rfb8 16. e5 Ne8 17. exd6 Nxd6 18. g4 Re8 19. Qe3 Rab8 20. Bb6 Qc8 21. a4 Bf6
22. Rad1 e5 23. f5 Bc6 {end of scoresheet} 0-1

[Event "Stamer Memorial"]
[Site "San Francisco"]
[Date "2005.06.05"]
[Round "4"]
[White "Zhu, Kevin"]
[Black "Benson, Mathew"]
[Result "1/2-1/2"]
[WhiteElo "1391"]
[BlackElo "1616"]
[PlyCount "64"]
[EventDate "2005.06.04"]
[EventType "swiss"]
[EventRounds "6"]
[EventCountry "USA"]

1. e4 e5 2. Nf3 Nc6 3. Bc4 Nf6 4. Ng5 d5 5. exd5 Nxd5 6. Nxf7 Kxf7 7. Qf3+ Ke8
8. Bxd5 Qf6 9. Qxf6 gxf6 10. O-O Nd4 11. Bb3 Nxb3 12. axb3 Rg8 13. Kh1 Kf7 14.
d3 Bf5 15. Nc3 c6 16. Be3 b6 17. Rac1 Bb4 18. d4 exd4 19. Bxd4 Bxc3 20. Bxc3
Rg6 21. Rfd1 Be4 22. f3 Bd5 23. Be1 Rag8 24. Bg3 f5 25. f4 h5 26. Rd2 h4 27. c4
Be4 28. Rd7+ Ke8 29. Rcd1 hxg3 30. Rd8+ Ke7 31. R1d7+ Kf6 32. Rd6+ Ke7 1/2-1/2

[Event "Stamer Memorial"]
[Site "San Francisco"]
[Date "2005.06.05"]
[Round "5"]
[White "Brown, Nicholas"]
[Black "Lupton, Stephen"]
[Result "1-0"]
[WhiteElo "1437"]
[BlackElo "1396"]
[PlyCount "35"]
[EventDate "2005.06.04"]
[EventType "swiss"]
[EventRounds "6"]
[EventCountry "USA"]

1. d4 Nf6 2. c4 g6 3. e4 Bg7 4. Nc3 O-O 5. e5 Ne8 6. Nf3 d6 7. Bf4 Bh8 8. Qd2
Ng7 9. Bd3 Bf5 10. O-O Qd7 11. exd6 cxd6 12. Rfe1 Ne6 13. Bxf5 gxf5 14. Bh6 Re8
15. d5 Nf8 16. Bxf8 Kxf8 17. Qh6+ Kg8 18. Ng5 1-0

[Event "Stamer Memorial"]
[Site "San Francisco"]
[Date "2005.06.05"]
[Round "5"]
[White "Cruz, Michael Da"]
[Black "Chan, John"]
[Result "0-1"]
[WhiteElo "1812"]
[BlackElo "1626"]
[PlyCount "66"]
[EventDate "2005.06.04"]
[EventType "swiss"]
[EventRounds "6"]
[EventCountry "USA"]

1. e4 c5 2. Nf3 d6 3. d4 cxd4 4. Nxd4 Nf6 5. Nc3 a6 6. Be3 e5 7. Nb3 Be6 8. Qd2
Nbd7 9. f3 h5 10. Be2 Be7 11. O-O-O b5 12. Nd5 Bxd5 13. exd5 Nb6 14. Qc3 Nfd7
15. Na5 Bg5 16. f4 exf4 17. Nc6 Qc7 18. Bxb6 Qxb6 19. Kb1 Bf6 20. Qf3 Qe3 21.
Qf1 Ne5 22. Nxe5 Qxe5 23. Bxb5+ Kf8 24. c3 axb5 25. Qxb5 g6 26. Rde1 Qf5+ 27.
Ka1 Kg7 28. h3 Rhb8 29. Qc6 Qc2 30. Rb1 Rxa2+ 31. Kxa2 Qb3+ 32. Ka1 Rb6 33. Qa8
Qb5 0-1

[Event "Stamer Memorial"]
[Site "San Francisco"]
[Date "2005.06.05"]
[Round "5"]
[White "D'Aloisio, Tony"]
[Black "Vayntrub, Dmitry"]
[Result "0-1"]
[WhiteElo "2219"]
[BlackElo "2061"]
[PlyCount "47"]
[EventDate "2005.06.04"]
[EventType "swiss"]
[EventRounds "6"]
[EventCountry "USA"]

1. c4 Nf6 2. g3 g6 3. Bg2 Bg7 4. Nc3 O-O 5. d4 d6 6. Nf3 Bg4 7. Qb3 Nc6 8. Be3
Bxf3 9. Bxf3 e5 10. Qxb7 Nxd4 11. Qxa8 Qd7 12. Qb7 Nc2+ 13. Kd2 Nxa1 14. Rxa1
Qe6 15. Bd5 Nxd5 16. Qxd5 Qd7 17. Rd1 c6 18. Qd3 Rb8 19. Kc2 Qb7 20. Bc1 e4 21.
Qxd6 Qb6 22. b3 Re8 23. Be3 Qa5 24. Na4 0-1

[Event "Stamer Memorial"]
[Site "San Francisco"]
[Date "2005.06.05"]
[Round "5"]
[White "Falconer, Neil"]
[Black "Roper, Lee"]
[Result "1-0"]
[WhiteElo "1984"]
[BlackElo "1001"]
[PlyCount "87"]
[EventDate "2005.06.04"]
[EventType "swiss"]
[EventRounds "6"]
[EventCountry "USA"]

1. e4 c5 2. Nf3 e6 3. d4 cxd4 4. Nxd4 Nc6 5. Nc3 a6 6. a3 Qc7 7. g3 Nf6 8. Bg2
Be7 9. O-O O-O 10. Nb3 d6 11. Qe2 Bd7 12. Bf4 Rfe8 13. a4 Rad8 14. a5 Bc8 15.
Be3 Nd7 16. f4 b6 17. axb6 Nxb6 18. Na4 Nd7 19. c4 Bb7 20. g4 Nb4 21. Rac1 Nc5
22. Nbxc5 dxc5 23. Rfd1 Qa5 24. Nc3 Qc7 25. Rxd8 Rxd8 26. Rd1 Rxd1+ 27. Qxd1 h6
28. e5 Bxg2 29. Kxg2 Qc6+ 30. Qf3 Qxf3+ 31. Kxf3 Nd3 32. Ne4 f6 33. Ke2 Nxe5
34. fxe5 fxe5 35. Nxc5 Bxc5 36. Bxc5 Kf7 37. Ke3 Kf6 38. h4 g5 39. h5 a5 40. b3
Kf7 41. Ke4 Kf6 42. Bf8 Kf7 43. Bxh6 Kf6 44. c5 1-0

[Event "Stamer Memorial"]
[Site "San Francisco"]
[Date "2005.06.05"]
[Round "5"]
[White "Falk, Charles"]
[Black "Jones, Ian"]
[Result "1-0"]
[WhiteElo "1138"]
[BlackElo "1688"]
[PlyCount "30"]
[EventDate "2005.06.04"]
[EventType "swiss"]
[EventRounds "6"]
[EventCountry "USA"]

1. c4 Nf6 2. Nc3 e6 3. Nf3 d5 4. e3 Be7 5. h3 O-O 6. d4 b5 7. a3 c5 8. b3 Bb7
9. Bd3 Nbd7 10. O-O Rc8 11. cxd5 cxd4 12. Ng5 dxe3 13. d6 exf2+ 14. Rxf2 a6 15.
dxe7 Qxe7 {scoresheet incorrect; W mated in 36.} 1-0

[Event "Stamer Memorial"]
[Site "San Francisco"]
[Date "2005.06.05"]
[Round "5"]
[White "Mar, Craig"]
[Black "Young, Greg"]
[Result "1/2-1/2"]
[WhiteElo "2428"]
[BlackElo "1600"]
[PlyCount "46"]
[EventDate "2005.06.04"]
[EventType "swiss"]
[EventRounds "6"]
[EventCountry "USA"]

1. c4 b6 2. d4 Nf6 3. Nc3 Bb7 4. f3 c5 5. d5 d6 6. e4 e6 7. f4 Nbd7 8. Nf3 exd5
9. e5 Ng4 10. Ng5 h6 11. Nxf7 Kxf7 12. Qxg4 dxe5 13. Qf5+ Nf6 14. fxe5 Qd7 15.
Qf4 Re8 16. cxd5 Bd6 17. Bb5 Bxe5 18. Bxd7 Bxf4+ 19. Bxe8+ Rxe8+ 20. Kf2 Be5
21. Bd2 Bd4+ 22. Kg3 Be5+ 23. Kf2 Bd4+ 1/2-1/2

[Event "Stamer Memorial"]
[Site "San Francisco"]
[Date "2005.06.05"]
[Round "5"]
[White "McDaniel, Keith"]
[Black "Starr, Albert"]
[Result "1-0"]
[WhiteElo "1976"]
[BlackElo "1294"]
[PlyCount "47"]
[EventDate "2005.06.04"]
[EventType "swiss"]
[EventRounds "6"]
[EventCountry "USA"]

1. d4 d5 2. c4 c6 3. Nf3 dxc4 4. a4 e6 5. g3 Qc7 6. Bg2 b5 7. O-O Bb7 8. Nc3
Bb4 9. Ne4 Nd7 10. Bf4 Qb6 11. Bd6 Bxd6 12. Nxd6+ Ke7 13. Nxb7 Qxb7 14. Qd2 b4
15. Rfc1 a5 16. Rxc4 Ngf6 17. Rac1 Rhc8 18. Ne5 Ra6 19. Qg5 Nb6 20. Qxg7 Rf8
21. Nxc6+ Ke8 22. Qxf6 Qd7 23. Nb8 Qd6 24. Rc8+ 1-0

[Event "Stamer Memorial"]
[Site "San Francisco"]
[Date "2005.06.05"]
[Round "5"]
[White "Oza, Nikunj"]
[Black "Tserendorj, Batsaikhan"]
[Result "0-1"]
[WhiteElo "1846"]
[BlackElo "2136"]
[PlyCount "80"]
[EventDate "2005.06.04"]
[EventType "swiss"]
[EventRounds "6"]
[EventCountry "USA"]

1. d4 Nf6 2. Nf3 g6 3. c3 Bg7 4. Bf4 O-O 5. Nbd2 d6 6. e4 c6 7. Bc4 Nbd7 8. O-O
h6 9. h3 Nh5 10. Bh2 e5 11. dxe5 dxe5 12. Re1 Re8 13. Nf1 Qf6 14. Ne3 Nf8 15.
Qc2 Nh7 16. Rad1 Bxh3 17. Nxe5 Rxe5 18. Bxe5 Qxe5 19. gxh3 Ng5 20. Qe2 Nxh3+
21. Kh1 Qf4 22. Ng4 Qxg4 23. Qxg4 Nxf2+ 24. Kg2 Nxg4 25. Bb3 Ne5 26. Rd2 Nf4+
27. Kg3 g5 28. Rf1 h5 29. Rd6 Bf8 30. Rd2 Bc5 31. Rxf4 gxf4+ 32. Kxf4 Re8 33.
Rh2 Ng6+ 34. Kf3 h4 35. Bc2 Kg7 36. Kg4 f6 37. Rd2 Re5 38. Rd7+ Kh6 39. Rxb7
Rg5+ 40. Kh3 Bg1 0-1

[Event "Stamer Memorial"]
[Site "San Francisco"]
[Date "2005.06.05"]
[Round "5"]
[White "Tsai, Chris"]
[Black "Sawhill, Jamie"]
[Result "0-1"]
[WhiteElo "1587"]
[BlackElo "1457"]
[PlyCount "52"]
[EventDate "2005.06.04"]
[EventType "swiss"]
[EventRounds "6"]
[EventCountry "USA"]

1. d4 d5 2. Nf3 Nf6 3. Bg5 e6 4. e3 Be7 5. c3 O-O 6. Bd3 b6 7. Qc2 h6 8. Bf4
Ba6 9. Bxa6 Nxa6 10. Nbd2 c5 11. Rg1 Bd6 12. g3 cxd4 13. Bxd6 Qxd6 14. exd4
Rac8 15. Qd3 Nb8 16. Ne5 Nc6 17. f4 Nd7 18. Qf1 f6 19. Ng6 Rfe8 20. O-O-O Nxd4
21. Ne4 dxe4 22. Rxd4 Qxd4 23. Rg2 Qd3 24. Qe1 e3 25. Re2 Qxg6 26. Rxe3 e5 0-1

[Event "Stamer Memorial"]
[Site "San Francisco"]
[Date "2005.06.05"]
[Round "6"]
[White "Benson, Mathew"]
[Black "Lupton, Stephen"]
[Result "1-0"]
[WhiteElo "1616"]
[BlackElo "1396"]
[PlyCount "111"]
[EventDate "2005.06.04"]
[EventType "swiss"]
[EventRounds "6"]
[EventCountry "USA"]

1. d4 Nf6 2. c4 g6 3. Nc3 Bg7 4. e4 d6 5. Be2 O-O 6. Nf3 c5 7. Be3 Qa5 8. O-O
Nbd7 9. Qd2 Re8 10. Rad1 Qb6 11. b3 Ng4 12. Nd5 Qd8 13. Bg5 Ndf6 14. Nxf6+ Nxf6
15. Bxf6 exf6 16. dxc5 Rxe4 17. cxd6 Bd7 18. Qc2 Bf5 19. Bd3 Rf4 20. Bxf5 Rxf5
21. Rfe1 Bf8 22. d7 Be7 23. Qe4 Kf8 24. Qxb7 Rc5 25. Rxe7 Kxe7 26. Re1+ Kd6 27.
Re8 Qxd7 28. Qxd7+ Kxd7 29. Rxa8 Rc7 30. Rb8 Ke7 31. Rb5 Rd7 32. h3 Kd6 33.
Rd5+ Kc6 34. Nd4+ Kc7 35. Nb5+ Kd8 36. Rxd7+ Kxd7 37. Nxa7 Kc7 38. Nb5+ Kc6 39.
b4 h5 40. Nc3 g5 41. a4 f5 42. a5 Kb7 43. b5 g4 44. h4 f4 45. c5 f5 46. Nd5 g3
47. f3 Ka7 48. Kf1 Kb7 49. Ke2 Ka7 50. Kd3 Kb7 51. Kd4 Ka7 52. c6 Kb8 53. b6
Ka8 54. a6 Kb8 55. a7+ Ka8 56. Nc7# 1-0

[Event "Stamer Memorial"]
[Site "San Francisco"]
[Date "2005.06.05"]
[Round "6"]
[White "D'Aloisio, Tony"]
[Black "Parker, Harold"]
[Result "1-0"]
[WhiteElo "2219"]
[BlackElo "1569"]
[PlyCount "109"]
[EventDate "2005.06.04"]
[EventType "swiss"]
[EventRounds "6"]
[EventCountry "USA"]

1. e4 e5 2. Bc4 Nf6 3. d3 c6 4. Qe2 b5 5. Bb3 a5 6. c3 a4 7. Bc2 Be7 8. Nf3 d6
9. Nbd2 O-O 10. Nf1 Re8 11. h3 Bf8 12. g4 Qc7 13. Ng3 g6 14. g5 Nfd7 15. Nh2 d5
16. Ng4 Bg7 17. h4 Nf8 18. h5 Bxg4 19. Qxg4 Qd7 20. Qh4 Qe6 21. Bd1 Nbd7 22.
Bg4 Qd6 23. hxg6 fxg6 24. Rh3 Kf7 25. Nf5 gxf5 26. Bh5+ Kg8 27. Bxe8 Rxe8 28.
exf5 e4 29. d4 e3 30. Bxe3 Re4 31. Qh5 Qf4 32. f6 Nxf6 33. gxf6 Qxf6 34. O-O-O
Qh6 35. Rdh1 Qxh5 36. Rxh5 Rg4 37. Bh6 Bxh6+ 38. Rxh6 Rg6 39. Rxg6+ hxg6 40.
Kd2 Kf7 41. Ke3 Kf6 42. f4 Ne6 43. Rh8 Ke7 44. Rg8 Nf8 45. Rg7+ Ke6 46. Kf3 Kd6
47. Kg4 c5 48. dxc5+ Kxc5 49. Rf7 Ne6 50. Rf6 Nc7 51. Rxg6 d4 52. cxd4+ Kxd4
53. Rg7 Ne6 54. Rd7+ Kc5 55. f5 1-0

[Event "Stamer Memorial"]
[Site "San Francisco"]
[Date "2005.06.05"]
[Round "6"]
[White "Roper, Lee"]
[Black "Chillakanti, Mukund"]
[Result "0-1"]
[WhiteElo "1001"]
[BlackElo "1372"]
[PlyCount "51"]
[EventDate "2005.06.04"]
[EventType "swiss"]
[EventRounds "6"]
[EventCountry "USA"]

1. e4 c6 2. d4 d5 3. e5 Bf5 4. Nf3 Nd7 5. Bd3 Bxd3 6. Qxd3 e6 7. O-O Ne7 8. Bg5
h6 9. Bf4 Nf5 10. Nbd2 Be7 11. Rfe1 O-O 12. Rac1 c5 13. c4 cxd4 14. cxd5 Nc5
15. Qc4 exd5 16. Qc2 d3 17. Qc3 d4 18. Qc4 a6 19. a4 b5 20. axb5 axb5 21. Qxb5
Rb8 22. Qc6 Rb6 23. Qxc5 Bxc5 24. Rxc5 Rxb2 25. g4 Nh4 26. Ng5 0-1

[Event "Stamer Memorial"]
[Site "San Francisco"]
[Date "2005.06.05"]
[Round "6"]
[White "Shipman, Walter"]
[Black "Mezentsev, Vladimir"]
[Result "0-1"]
[WhiteElo "2204"]
[BlackElo "2516"]
[PlyCount "52"]
[EventDate "2005.06.04"]
[EventType "swiss"]
[EventRounds "6"]
[EventCountry "USA"]

1. d4 Nf6 2. g3 g6 3. Bg2 Bg7 4. e4 O-O 5. Nc3 d6 6. Nge2 c6 7. a4 e5 8. O-O
Nbd7 9. a5 Re8 10. h3 exd4 11. Nxd4 Nc5 12. Re1 a6 13. Bf4 h6 14. b4 Ne6 15.
Nxe6 Rxe6 16. Qd2 g5 17. Be3 Nd7 18. Rad1 Ne5 19. Bd4 Rg6 20. Kh2 Qe7 21. f4
gxf4 22. gxf4 Qh4 23. Rf1 Bxh3 24. Bxh3 Ng4+ 25. Kg1 Bxd4+ 26. Qxd4 Ne3+ 0-1

[Event "Stamer Memorial"]
[Site "San Francisco"]
[Date "2005.06.05"]
[Round "6"]
[White "Tamondong, Cesar"]
[Black "Brown, Nicholas"]
[Result "1/2-1/2"]
[WhiteElo "1530"]
[BlackElo "1437"]
[PlyCount "93"]
[EventDate "2005.06.04"]
[EventType "swiss"]
[EventRounds "6"]
[EventCountry "USA"]

1. d4 d5 2. Nf3 Nf6 3. g3 Bf5 4. Bg2 Nbd7 5. O-O e6 6. Nbd2 c5 7. c4 cxd4 8.
Nxd4 Bg6 9. cxd5 Nxd5 10. Ne4 Bxe4 11. Bxe4 N7f6 12. Bg5 Be7 13. Qa4+ Qd7 14.
Qxd7+ Nxd7 15. Bxe7 Kxe7 16. Bxd5 exd5 17. Nf5+ Kf6 18. Nd6 b6 19. Rac1 Nc5 20.
b4 Ne4 21. Nxe4+ dxe4 22. Rc7 Rhc8 23. Rfc1 Rxc7 24. Rxc7 g6 25. Kg2 Kg7 26. g4
a5 27. b5 Rd8 28. Rc6 Rd2 29. Rxb6 Rxe2 30. a4 Ra2 31. Kg3 Rxa4 32. Ra6 g5 33.
Ra7 Ra3+ 34. Kg2 a4 35. Re7 Rb3 36. Rxe4 a3 37. Ra4 Rxb5 38. Rxa3 Rb4 39. Kg3
Rf4 40. h4 h6 41. Rf3 Rxf3+ 42. Kxf3 gxh4 43. Kg2 Kg6 44. f4 h5 45. g5 Kf5 46.
Kh3 Kxf4 47. Kxh4 1/2-1/2